1373 1864 1243 1078 1077 1984 1457 1763 1291 1024 1369 1582 1023 1028 1594 1614 1311 1586 1042 1162 1254 1846 1160 1826 1704 1728 1321 1796 1213 1181 1765 1774 1272 1631 1023 1436 1938 1990 1889 1550 1664 1666 1587 1331 1285 1607 1307 1126 1740 1894 1550 1041 1611 1586 1846 1092 1412 1496 1219 1800 1339 1556 1787 1225 1440 1290 1449 1477 1363 1560 1197 1719 1410 1609 1042 1135 1815 1028 1373 1127 1374 1802 1750 1884 1342 1321 1095 1149 1255 1135 1167 1681 1961 1583 1964 1146 1128 1161 1227 BCNSPRNW ULIB Ver.6.0+V

เปลี่ยนเป็นภาษาไทย

Change to English
 แสดงรายละเอียดบรรณานุกรม
  กลับหน้าหลัก

Brief Record : Get Marc (ISO 2709) : E-mail record : QR code < ปิดหน้าต่าง
LEADER : 00000nam a2200000Ia 4500
001    13399114564
003     ULIB
008    120321s2554 th a 000 0 tha d
020    ^a9789744176789
050    ^aGV1127.T5^bภ11
110 1  กรมศิลปากร
245 00 ^aภูมิแผ่นดินมรดกไทย :^bพระบาทสมเด็จพระเจ้าอยู่หัวกับการเสด็จพระราชดำเนินแหล่งมรดกไทย /^cกรมศิลปากร ; บรรณาธิการ, อรสรา สายบัว .[และคนอื่น ๆ]
260    ^aกรุงเทพฯ :^bรุ่งศิลป์การพิมพ์,^c2554
300    ^a256 หน้า :^bภาพประกอบสี ;^c30 ซม.
700 0  ^aอรสรา สายบัว,^eบรรณาธิการ
710 2  ^aกรมศิลปากร
945    ^p0^l0^i031646
995    ^aเกษร
999 ^a ใช้งานได้ทุกระบบ
รายการนี้ยังไม่มีแท็ก
คุณยังไม่ได้ล็อกอิน คุณสามารถมีกิจกรรมร่วมกับเว็บไซต์ได้ แต่ต้องล็อกอินก่อน ::
  ล็อกอิน

รายการสื่อสารสนเทศ

ลำดับที่ ประเภท เลขเรียก/บาร์โค้ด สถานที่ สถานะ
- ไม่พบข้อมูล -

BibComment


ยังไม่เคยถูกคอมเมนท์

คอมเมนท์ทรัพยากรรายการนี้
  คอมเมนท์: ภูมิแผ่นดินมรดกไ..


 Copyright 2026. Bcnsprnw @Library